<?xml version="1.0" encoding="UTF-8"?>
<record
    xmlns:xsi="http://www.w3.org/2001/XMLSchema-instance"
    xsi:schemaLocation="http://www.loc.gov/MARC21/slim http://www.loc.gov/standards/marcxml/schema/MARC21slim.xsd"
    xmlns="http://www.loc.gov/MARC21/slim">

  <leader>02306nam a2200385 i 4500</leader>
  <controlfield tag="001">193193</controlfield>
  <controlfield tag="003">SpMaBN</controlfield>
  <controlfield tag="005">20250630060301.0</controlfield>
  <controlfield tag="007">ta</controlfield>
  <controlfield tag="008">231002s2021    sp     | |||| 000 f spa  </controlfield>
  <datafield tag="015" ind1=" " ind2=" ">
    <subfield code="a">MON21</subfield>
  </datafield>
  <datafield tag="017" ind1=" " ind2=" ">
    <subfield code="a">B 2617-2021</subfield>
    <subfield code="b">Oficina Dep&#xF3;sito Legal Barcelona</subfield>
  </datafield>
  <datafield tag="020" ind1=" " ind2=" ">
    <subfield code="a">9788401025761</subfield>
  </datafield>
  <datafield tag="035" ind1=" " ind2=" ">
    <subfield code="a">a6920101</subfield>
  </datafield>
  <datafield tag="040" ind1=" " ind2=" ">
    <subfield code="a">SpMaBN</subfield>
    <subfield code="b">spa</subfield>
    <subfield code="c">SpMaBN</subfield>
    <subfield code="e">rda</subfield>
    <subfield code="d">ES-MaACL</subfield>
  </datafield>
  <datafield tag="080" ind1=" " ind2=" ">
    <subfield code="a">821.134.2-31"19"</subfield>
  </datafield>
  <datafield tag="100" ind1="1" ind2=" ">
    <subfield code="a">Vallina, Alicia,</subfield>
    <subfield code="d">1976-</subfield>
    <subfield code="e">aut</subfield>
    <subfield code="9">234272</subfield>
  </datafield>
  <datafield tag="245" ind1="1" ind2="0">
    <subfield code="a">Hija del mar /</subfield>
    <subfield code="c">Alicia Vallina</subfield>
  </datafield>
  <datafield tag="250" ind1=" " ind2=" ">
    <subfield code="a">Primera edici&#xF3;n: abril de 2021</subfield>
  </datafield>
  <datafield tag="264" ind1=" " ind2="1">
    <subfield code="a">[Barcelona] :</subfield>
    <subfield code="b">Plaza Jan&#xE9;s,</subfield>
    <subfield code="c">2021</subfield>
  </datafield>
  <datafield tag="300" ind1=" " ind2=" ">
    <subfield code="a">360 p&#xE1;ginas :</subfield>
    <subfield code="b">ilustraciones ;</subfield>
    <subfield code="c">24 cm</subfield>
  </datafield>
  <datafield tag="336" ind1=" " ind2=" ">
    <subfield code="a">Texto</subfield>
    <subfield code="2">rdacontent</subfield>
  </datafield>
  <datafield tag="337" ind1=" " ind2=" ">
    <subfield code="a">sin mediaci&#xF3;n</subfield>
    <subfield code="2">rdamedia</subfield>
  </datafield>
  <datafield tag="338" ind1=" " ind2=" ">
    <subfield code="a">volumen</subfield>
    <subfield code="2">rdacarrier</subfield>
  </datafield>
  <datafield tag="520" ind1=" " ind2=" ">
    <subfield code="a">Siglo XVIII. La cordobesa Ana Mar&#xED;a de Soto huye de un matrimonio impuesto con la intenci&#xF3;n de comenzar una aventura jam&#xE1;s iniciada por una mujer: la de hacerse pasar por var&#xF3;n para alistarse en la Armada Espa&#xF1;ola. Cumple, as&#xED;, su sue&#xF1;o de recorrer el mundo y de enfrentarse a valerosos e intr&#xE9;pidos enemigos. En su viaje, Ana Mar&#xED;a no solo conocer&#xE1; el &#xE9;xtasis y el dolor del primer amor, sino tambi&#xE9;n tendr&#xE1; que hacer gala de toda su valent&#xED;a y arrojo para sobrevivir en un mundo de hombres, donde cada paso en falso puede suponer para ella el mayor de los desastres. Durante sus aventuras en la mar, descubrir&#xE1; el valor de la amistad y el honor, pero tambi&#xE9;n la violencia, el miedo y la traici&#xF3;n.
 

Una novela apasionante y emotiva que nos descubrir&#xE1; a una de las hero&#xED;nas m&#xE1;s intrigantes de la historia de Espa&#xF1;a. Una mujer &#xFA;nica en su tiempo que vivi&#xF3; con la valent&#xED;a de quien no se entrega a un destino establecido.</subfield>
  </datafield>
  <datafield tag="600" ind1="1" ind2="0">
    <subfield code="9">234333</subfield>
    <subfield code="a">Soto Alhama, Ana Mar&#xED;a Antonia de,</subfield>
    <subfield code="d">1775-1833</subfield>
  </datafield>
  <datafield tag="655" ind1=" " ind2="7">
    <subfield code="a">Novelas hist&#xF3;ricas</subfield>
    <subfield code="2">tgfbne</subfield>
    <subfield code="9">226782</subfield>
  </datafield>
  <datafield tag="852" ind1=" " ind2=" ">
    <subfield code="a">ES_MaACL</subfield>
    <subfield code="b">R.154601</subfield>
    <subfield code="9">200572</subfield>
    <subfield code="j">N-9360</subfield>
    <subfield code="c">DEPOJ</subfield>
    <subfield code="x">Encuadernaci&#xF3;n carton&#xE9; con sobrecubiertas</subfield>
    <subfield code="h">Donaci&#xF3;n: Alicia Vallina</subfield>
  </datafield>
  <datafield tag="903" ind1=" " ind2=" ">
    <subfield code="a">Vallina, Alicia,</subfield>
    <subfield code="d">1976-</subfield>
    <subfield code="e">dnr</subfield>
    <subfield code="9">234272</subfield>
  </datafield>
  <datafield tag="942" ind1=" " ind2=" ">
    <subfield code="n">0</subfield>
    <subfield code="c">MONOGRAFIA</subfield>
  </datafield>
  <datafield tag="999" ind1=" " ind2=" ">
    <subfield code="c">193193</subfield>
    <subfield code="d">193193</subfield>
  </datafield>
  <datafield tag="952" ind1=" " ind2=" ">
    <subfield code="0">0</subfield>
    <subfield code="1">0</subfield>
    <subfield code="2">udc</subfield>
    <subfield code="3">Enc. carton&#xE9;</subfield>
    <subfield code="4">0</subfield>
    <subfield code="7">0</subfield>
    <subfield code="a">ATENEOM</subfield>
    <subfield code="b">ATENEOM</subfield>
    <subfield code="c">DEPOJ</subfield>
    <subfield code="d">2023-10-02</subfield>
    <subfield code="e">DONACION</subfield>
    <subfield code="j">1</subfield>
    <subfield code="l">0</subfield>
    <subfield code="o">N-9360</subfield>
    <subfield code="p">101205867</subfield>
    <subfield code="r">2023-10-02 00:00:00</subfield>
    <subfield code="y">MONOGRAFIA</subfield>
  </datafield>
</record>
